Liberalismo y educación (Record no. 9460)

MARC details
000 -CABECERA
campo de control de longitud fija 00820nam a2200253 a 4500
001 - NÚMERO DE CONTROL
campo de control BRL_648
005 - FECHA Y HORA DE LA ÚLTIMA TRANSACCIÓN
campo de control 20190320210833.0
008 - DATOS DE LONGITUD FIJA--INFORMACIÓN GENERAL
campo de control de longitud fija 180913s1973----mx-#######---#000-0#spa-#
041 ## - CÓDIGO DE LENGUA
Código de lengua del texto/banda sonora o título independiente spa
044 ## - CÓDIGO DEL PAÍS DE LA ENTIDAD EDITORA/PRODUCTORA
Código MARC del país mx
050 #4 - SIGNATURA TOPOGRÁFICA DE LA BIBLIOTECA DEL CONGRESO
Número de clasificación LC92.M4
Número de documento/Ítem .T35 1973
100 1# - ENTRADA PRINCIPAL--NOMBRE DE PERSONA
Nombre de persona Talavera, Abraham
9 (RLIN) 24517
245 10 - MENCIÓN DE TÍTULO
Título Liberalismo y educación
Mención de responsabilidad, etc. Abraham Talavera.
260 ## - PUBLICACIÓN, DISTRIBUCIÓN, ETC.
Lugar de publicación, distribución, etc. México, D.F.
Nombre del editor, distribuidor, etc. SEP, Dirección General de Educación Audiovisual y Divulgación
Fecha de publicación, distribución, etc. 1973
300 ## - DESCRIPCIÓN FÍSICA
Extensión 2v.
Dimensiones 17 cm.
440 #0 - MENCIÓN DE SERIE/PUNTO DE ACCESO ADICIONAL--TÍTULO
Título Sepsetentas
Designación de volumen o secuencia 103-104
9 (RLIN) 22717
500 ## - NOTA GENERAL
Nota general v.2 Au751
500 ## - NOTA GENERAL
Nota general La bibloteca cuenta solo con el t.2
504 ## - NOTA DE BIBLIOGRAFÍA, ETC.
Nota de bibliografía, etc. incluye bibliografía p. 245-257
505 0# - NOTA DE CONTENIDO CON FORMATO
Nota de contenido con formato t.1 Surgimiento de la conciencia educativa - t.2 La reforma y la intervencion
650 14 - PUNTO DE ACCESO ADICIONAL DE MATERIA--TÉRMINO DE MATERIA
Término de materia o nombre geográfico como elemento de entrada Educación y estado
Subdivisión geográfica México
9 (RLIN) 24518
902 ## - CATALOGADOR
Iniciales GRL
942 ## - ELEMENTOS DE PUNTO DE ACCESO ADICIONAL (KOHA)
Fuente del sistema de clasificación o colocación Library of Congress Classification
Tipo de ítem Koha Libros
Holdings
Estado de retiro Estado de pérdida Estado dañado No para préstamo Localización permanente Ubicación/localización actual Fecha de adquisición Número de inventario Total de préstamos Signatura topográfica completa Código de barras Fecha visto por última vez Precio válido a partir de Tipo de ítem Koha
El ejemplar forma parte de la colección y puede ser consultado según las políticas vigentes.       Biblioteca Centro de Estudios Ruth D. Lechuga Biblioteca Centro de Estudios Ruth D. Lechuga 18/09/2013 v.2 Au751   LC92.M4 .T35 1973 (v.2 Au751) GRL00716 22/03/2019 22/03/2019 Libros